Kompendium franchisingu

Bibliographic Details
Main Authors: Orgonáš, Jozef, 1957- (Author), Šétaffy, Jozef (ekonóm) (Author), Rak, Pavol, 1977- (Author)
Format: Book
Language:Slovak
PhysicalDescription:180 strán grafy, tabuľky 24 cm
Published: Praha Wolters Kluwer s. r. o. 2017
ISBN:9788075528537
9788075528544
Edition:Prvé vydanie
Subjects:

MARC

LEADER 00000cam a2200000I 4500
001 vtls011717320
003 SK-MaSNL
005 20260430072935.0
008 210624s2017 xr da ern 000 0 slo
015 |a SNBZSA2020/03 
020 |a 9788075528537  |q (brožované) 
020 |a 9788075528544  |q (pdf) 
035 |a urn:nbn:sk:snk-am00e8z7 
035 |a urn:nbn:sk:snk-am3ig3s 
035 |a 9BB7B2AD-F59E-4314-BDD8-19A4C588C6FC 
040 |a SNK  |b slo  |c SNK  |e rda 
041 0 |a slo 
044 |a xr  |c CZ 
072 7 |a 339  |x Obchod  |2 konspekt 
080 |a 339.187.44  |2 2011 
080 |a 339.187  |2 2011 
080 |a 658.114(091)  |2 2011 
080 |a 658.114  |2 2011 
080 |a (048.8)  |2 2011 
100 1 |a Orgonáš, Jozef,  |d 1957-  |4 aut  |9 197662 
245 1 0 |a Kompendium franchisingu  |c Jozef Orgonáš, Jozef Šétaffy, Pavol Rak 
250 |a Prvé vydanie 
264 1 |a Praha  |b Wolters Kluwer s. r. o.  |c 2017 
300 |a 180 strán  |b grafy, tabuľky  |c 24 cm 
336 |a text  |b txt  |2 rdacontent 
337 |a bez média  |b n  |2 rdamedia 
338 |a zväzok  |b nc  |2 rdacarrier 
500 |a Obsahuje biografické údaje o autoroch 
504 |a Obsahuje bibliografiu na strane 160-164 
650 0 7 |a predaj  |2 SNKPH  |9 13334 
650 0 7 |a Franchising  |2 SNK  |9 556250 
650 0 7 |a Selling  |2 SNKPHeng  |9 287613 
650 0 7 |a franchising  |2 SNKPH  |9 2276 
650 0 7 |a business history  |2 SNKPHeng  |9 414232 
650 0 7 |a dejiny podnikania  |2 SNKPH  |9 115999 
650 0 7 |a Business environment  |2 SNKPHeng  |9 270182 
650 0 7 |a podnikateľské prostredie  |2 SNKPH  |9 1771 
655 7 |a monografie  |2 SNKPH  |9 70139 
655 7 |a monografie  |2 SNKPHeng  |9 70139 
700 1 |a Šétaffy, Jozef  |c (ekonóm)  |4 aut  |9 184858 
700 1 |a Rak, Pavol,  |d 1977-  |4 aut  |9 220413 
919 |a 978-80-7552-853-7 
958 |a ZS 
958 |a NB 
999 |c 853608  |d 855538 
952 |a SNK  |b SNK  |y PREZ  |7 0  |p 17A1389477  |o snkSC 186077  |i snk2019/25467  |8 4  |g 11.85  |0 0  |1 0  |4 0  |d 2019-04-11  |f 1  |l 0  |r 2026-02-24 04:48:51  |w 2026-02-24 
952 |a SNK  |b SNK  |y VYP  |7 0  |p 17A1389476  |o snkSC 186077 D1  |i snk2019/25468  |8 4  |g 11.85  |0 0  |1 0  |4 0  |d 2019-04-11  |l 0  |r 2026-02-24 04:48:51  |w 2026-02-24